Estado y economía ante la crisis actual en América Latina (Fotocopia parcial)

Uloženo v:
Podrobná bibliografie
Hlavní autor: Arancibia C., Armando
Médium: Text
Vydáno: s.l.: s.e
Tagy: Přidat tag
Žádné tagy, Buďte první, kdo vytvoří štítek k tomuto záznamu!

MARC

LEADER 00000 a a2200000 04500
001 23674
003
040
090 |a 165700  
100 |a Arancibia C., Armando  
245 |a Estado y economía ante la crisis actual en América Latina (Fotocopia parcial)  
260 |a s.l.:   |b s.e  
300 |a pp. 33-51  
999 |c 13137  |d 13137